|
|
|
|
| LEADER |
03002nam a22004575i 4500 |
| 001 |
978-0-85729-817-1 |
| 003 |
DE-He213 |
| 005 |
20151125212313.0 |
| 007 |
cr nn 008mamaa |
| 008 |
111024s2012 xxk| s |||| 0|eng d |
| 020 |
|
|
|a 9780857298171
|9 978-0-85729-817-1
|
| 024 |
7 |
|
|a 10.1007/978-0-85729-817-1
|2 doi
|
| 040 |
|
|
|d GrThAP
|
| 050 |
|
4 |
|a RD701-811
|
| 072 |
|
7 |
|a MNS
|2 bicssc
|
| 072 |
|
7 |
|a MED065000
|2 bisacsh
|
| 082 |
0 |
4 |
|a 616.7
|2 23
|
| 245 |
1 |
0 |
|a Practical Procedures in Orthopedic Surgery
|h [electronic resource] :
|b Joint Aspiration/Injection, Bone Graft Harvesting and Lower Limb Amputations /
|c edited by Peter V. Giannoudis.
|
| 264 |
|
1 |
|a London :
|b Springer London,
|c 2012.
|
| 300 |
|
|
|a VII, 103 p. 102 illus., 98 illus. in color.
|b online resource.
|
| 336 |
|
|
|a text
|b txt
|2 rdacontent
|
| 337 |
|
|
|a computer
|b c
|2 rdamedia
|
| 338 |
|
|
|a online resource
|b cr
|2 rdacarrier
|
| 347 |
|
|
|a text file
|b PDF
|2 rda
|
| 505 |
0 |
|
|a Joint Aspiration/Injection -- General Part -- Acromio-Clavicular Joint -- Glenohumeral Joint -- Sub-Acromial Bursa -- Elbow Joint -- Common Extensor Origin (Tennis Elbow) -- De Quervain’s Tenosynovitis -- Basal Thumb Joint (Carpo-Metacarpal Joint) -- Lumbar Spine Facet Joint -- Sacroiliac Joint -- Hip Joint -- Trochanteric Bursa -- Knee Joint -- Ankle Joint -- Subtalar Joint -- Bone Graft Harvesting -- Percutaneous Bone Marrow Aspirate Harvesting from the Anterior Iliac Crest -- Anterior Iliac Crest Bone Graft Harvesting -- Posterior Iliac Crest Bone Graft Harvesting -- Autologous Bone Graft Harvesting with the use of RIA (Reamer Irrigator Aspirator system – RIA) -- Autologous Bone Graft Harvesting from the Proximal Tibial Metaphysis -- Free Vascularized Fibular Bone Graft -- Lower Limb Amputations -- General Part -- Transtibial Amputation - Skewed Flap -- Transfemoral Amputation - Skewed Flap.
|
| 520 |
|
|
|a Practical Procedures in Orthopaedic Surgery will be an essential guide for surgeons in training, providing step by step approaches to performing Joint Aspiration/Injection, Bone Graft Harvesting and Lower Limb Amputations. Practical guidance will be given on Indications- Preoperative assessment, positioning and preparing the patient, approach required, tips and tricks, closure, postoperative complications, protocol of mobilization and follow-up procedure. All the procedures performed will include numerous intraoperative photographs and illustrations.
|
| 650 |
|
0 |
|a Medicine.
|
| 650 |
|
0 |
|a Orthopedics.
|
| 650 |
|
0 |
|a Sports medicine.
|
| 650 |
1 |
4 |
|a Medicine & Public Health.
|
| 650 |
2 |
4 |
|a Orthopedics.
|
| 650 |
2 |
4 |
|a Surgical Orthopedics.
|
| 650 |
2 |
4 |
|a Conservative Orthopedics.
|
| 650 |
2 |
4 |
|a Sports Medicine.
|
| 700 |
1 |
|
|a Giannoudis, Peter V.
|e editor.
|
| 710 |
2 |
|
|a SpringerLink (Online service)
|
| 773 |
0 |
|
|t Springer eBooks
|
| 776 |
0 |
8 |
|i Printed edition:
|z 9780857298164
|
| 856 |
4 |
0 |
|u http://dx.doi.org/10.1007/978-0-85729-817-1
|z Full Text via HEAL-Link
|
| 912 |
|
|
|a ZDB-2-SME
|
| 950 |
|
|
|a Medicine (Springer-11650)
|